Population trends spring 2007 (Record no. 40111)

MARC details
000 -LEADER
fixed length control field 00525nam a2200181Ia 4500
008 - FIXED-LENGTH DATA ELEMENTS--GENERAL INFORMATION
fixed length control field 191130s2007##################000#0#eng##
020 ## - INTERNATIONAL STANDARD BOOK NUMBER
International Standard Book Number 9780230526129
040 ## - CATALOGING SOURCE
Original cataloging agency ACL
Transcribing agency ACL
082 ## - DEWEY DECIMAL CLASSIFICATION NUMBER
Classification number 301.32941 NAT.127
245 ## - TITLE STATEMENT
Title Population trends spring 2007
260 ## - PUBLICATION, DISTRIBUTION, ETC.
Place of publication, distribution, etc. Basingstoke, Hampshire
Name of publisher, distributor, etc. Palgrave Macmillan Ltd
Date of publication, distribution, etc. 2007
300 ## - PHYSICAL DESCRIPTION
Extent 75 p. : ill. ; 27 cm
650 ## - SUBJECT ADDED ENTRY--TOPICAL TERM
Topical term or geographic name entry element Social Research & Statistics
710 ## - ADDED ENTRY--CORPORATE NAME
Corporate name or jurisdiction name as entry element National Statistics
990 ## - EQUIVALENCES OR CROSS-REFERENCES [LOCAL, CANADA]
Link information for 9XX fields 084fe361ac10000c4a80cc5cd77a6e0a
991 ## -
-- 391718
Holdings
Withdrawn status Lost status Damaged status Not for loan Home library Current library Shelving location Date acquired Total Checkouts Full call number Barcode Date last seen Price effective from Koha item type
        Anna Centenary Library Anna Centenary Library 3RD FLOOR, B WING 09.10.2020   301.32941 NAT.127 309627 09.10.2020 09.10.2020 Books

Find us on the map